MDQL
is popping MORE tags! Check the
thread
!
Quizzes
Events
Quiz Creation
Community
Videos
Private Events
Remove Ads
Sign In
Join for FREE
Feedback
Dark Mode
Quiz Categories
Sports
Geography
Music
Movies
Television
Just For Fun
Miscellaneous
History
Literature
Language
Science
Gaming
Entertainment
Religion
Holiday
For Kids
Quiz Lab
Recent
Popular Today
Quiz Kudos Today
Editor Picks
Curator Picks
Quizzes by...
Day
Popularity
Type
Ratings
Length
Year
Community
Subscriptions
Recent Discussions
Orange Saloon
Badges
Playlists
Quests
Create
Leaderboards
Showdown
Live 5
Trivia Bingo
Activity
Puzzle Library
Sporcle Events
Private Events
Virtual Trivia
Globe League
Become a Host
Pub Owners
SporcleCon
Opinionation
Our Games
Videos
Blog
Mobile Apps
Partnerships
Remove Ads and Go Orange
Feedback
Geography
Country
Landmarks
City
State
Population
World
Capital
Continent
Flags
Europe
Africa
Asia
South America
North America
Oceania
Border
Canada
United Kingdom
Topography
United States
Geography
Country
Landmarks
City
State
Population
World
Capital
Continent
Flags
Europe
Africa
Asia
South America
North America
Oceania
Border
Canada
United Kingdom
Topography
United States
Random Quiz
Search Sporcle
×
Quiz Lab
Quiz Lab
Geography
City
Type in answers that appear in a list
Type in answers that appear in a list
Classic
Best Score? Go Orange.
Largest cities and towns in Britain, France and Germany Stats
Can you name the Largest cities and towns in Britain, France and Germany?
By
stefftortell01
11m
30 Questions
233 Plays
233 Plays
233 Plays
Comments
Comments
Give Quiz Kudos
Give Quiz Kudos
-
- Ratings
hide this ad
Replay
Link that replays current quiz
Next Quiz
Link to next quiz in quiz playlist
You Got
0%
They Got
Avg Score
79%
Avg Friend Score
Upgrade to see
Score Distribution
Jump to the score distribution portion of the page
Score
0/30
Timer
11:00
0
Plays Today
Population
City
% Correct
8,674,573
London
99.6%
3,502,658
Berlin
98.7%
2,224,189
Paris
98.7%
510,584
Manchester
97%
1,388,647
Munich
96.6%
1,734,382
Hamburg
95.7%
552,573
Lyon
95.3%
1,252,675
Birmingham
94.4%
850,726
Marseille
94%
635,582
Liverpool
93.6%
633,998
Glasgow
91.8%
774,474
Leeds
88%
702,585
Frankfurt
86.3%
1,024,574
Cologne
85%
497,473
Edinburgh
84.1%
Population
City
% Correct
441,802
Toulouse
79%
616,472
Dusseldorf
78.5%
630,617
Stuttgart
78.1%
582,490
Dortmund
75.5%
535,753
Bristol
73.8%
528,574
Dresden
73%
568,477
Essen
71.7%
569,474
Sheffield
70.4%
526,838
Leipzig
69.5%
546,451
Bremen
68.7%
456,759
Belfast
59.7%
501,121
Nuremberg
46.8%
514,137
Hanover
45.9%
489,901
Duisburg
41.2%
530,685
Bradford
40.3%
Quiz Playlist
Details
Report
Send in Message
Add To Playlist
Classic:
Type in answers that appear in a list
Last Updated: Apr 30, 2017
Quiz Scoreboard
CHALLENGE
Sign Up to Join the Scoreboard
Show All
Scores
Hide
Comments
May contain spoilers
Recently Published
Holiday 10x10 Sorting Gallery
by lukepisani3
Holiday
15m
Two Season TV Shows II
by 123Four
Television
10m
Image Sorting: Flags VI
by Barbecue
Geography
2m
More to Explore
Quiz From the Vault
Featured Blog Post
14 Easter Pick-up Lines to Find Eggs With
hide this ad
You Might Also Like...
Tags
City Quiz
Population Quiz
britain
France
Germany
largest
Town
Today's Top Quizzes in Geography
Browse Geography
hide this ad
Today's Top Quizzes in City
Browse City
Top Contributed Quizzes in Geography
1
Colored Red Europe Blitz I
2
Countries of the World - No Outlines Minefield
3
Colored Red Africa Blitz II
4
Colored Red Europe Blitz II
5
Colored Red Europe Blitz III
6
Colored Red Africa Blitz III
7
Colored Red States Blitz I
8
A Different View: World Oceans
9
Colored Red States Blitz II
10
Colored Red States Blitz III
Explore More
Trending Topics
Anime
Crossword
Harry Potter
Marvel
Disney
Kpop
NBA
Country
Puzzle
Soccer
NFL
Song
Pokémon
WWE
The Office
hide this ad
More By:
stefftortell01
Quiz
Plays
Rating
Category
Featured
Created
Largest seaside towns in uk
446
4.00
Geography
Feb 3, 2018
25 Most populous USA states
410
5.00
Geography
Apr 10, 2017
25 most populated British counties
328
5.00
Geography
Apr 10, 2017
Biggest towns and cities in the North west England
293
5.00
Geography
Feb 17, 2018
100 most populous towns and cities in European union
286
3.33
Geography
Apr 9, 2017
Go to Creator's Profile
Score Distribution
Quiz Creator Spotlight
stefftortell01
Follow
Send a Message
Quizzes Created
-
Created Quiz Play Count
-
More By This Creator
Popular Quizzes Today
1
Find the US States - No Outlines Minefield
2
Colored Red Africa Blitz
3
Find the 'City' Movie
4
The Countries of the World
5
5x2 Blitz: Bands
6
Find the Countries of Europe - No Outlines Minefield
7
Find the US States
8
US States
More Geography Quizzes
Busiest Airports in the US on a Map
Editor's Pick
Trending Quizzes
Colored Red Europe Blitz I
Colored Red Europe Blitz II
Colored Red Africa Blitz II
Even More Two Season TV Shows
Colored Red Africa Blitz III
Recently Updated
Odd Team Out - Big 4 Players
pecheneg
Quick Pick: 20 Twenties
pecheneg
March Madness Men's Triple Doubles
pecheneg
How Do You Spell That?
pecheneg
Godzilla Movies
pecheneg
Grab Bag: 4-10 Letters
pecheneg
2024 March Madness Bracket
pecheneg
Famous TV Couples
Peacemaker
Champions League XIs: Real Madrid
pecheneg
Largest US Cities 1790-2010
pecheneg
Trending Topics
Marvel
Anime
NBA
Disney
Harry Potter
Crossword
Kpop
Pokémon
Song
Puzzle
The Office
Soccer
WWE
NFL
Country
Your Account Isn't Verified!
In order to create a playlist on Sporcle, you need to verify the email address you used during registration. Go to your
Sporcle Settings
to finish the process.
Report this User
Report this user for behavior that violates our
Community Guidelines
.
Details:
Send Report
Go to the Sporcle.com Mobile Site →
Comments